| 000 | 00336nam a22001217a 4500 | ||
|---|---|---|---|
| 082 |
_a922.97 _cAhmed Jamil. Kh |
||
| 245 |
_aHudred Great Muslims _cAhmed Jamil. Kh |
||
| 260 |
_aLahore _bFerozsons (Pvt) Ltd _c1984 |
||
| 300 |
_a573P.: _bill,; _c20 cm |
||
| 526 |
_a0 _b0 _c0 _d922_970000000000000_JAM |
||
| 650 |
_aMCE _9379 |
||
| 942 |
_2ddc _cBK |
||
| 999 |
_c549533 _d549533 |
||